Finding common ground (Record no. 79998)

MARC details
000 -LEADER
fixed length control field 01289cab a22002415a 4500
001 - CONTROL NUMBER
control field L142981
008 - FIXED-LENGTH DATA ELEMENTS--GENERAL INFORMATION
fixed length control field 080328e2008 xxk 000 0 eng d
035 ## - SYSTEM CONTROL NUMBER
System control number (Sirsi) u142981
041 0# - LANGUAGE CODE
Language code of text/sound track or separate title eng
100 1# - MAIN ENTRY--PERSONAL NAME
Personal name Parmiter, John
245 00 - TITLE STATEMENT
Title Finding common ground
260 ## - PUBLICATION, DISTRIBUTION, ETC.
Date of publication, distribution, etc. 2008
490 ## - SERIES STATEMENT
Series statement Planning
Volume/sequential designation (1761) 21 March 2008, 16-17(2)
520 ## - SUMMARY, ETC.
Summary, etc. Provides an overview of mediation as it applies to the planning process. Discusses the need to use a model for mediation which extends far beyond the appeals process. Argues that planning delivery agreements could include mediation in their structure. Covers some guidance for mediation which does already exist in the planning system, including local development framework preparation. Covers the key features required of mediation and alternative dispute resolution.
590 ## - LOCAL NOTE (RLIN)
Local note KA
650 24 - SUBJECT ADDED ENTRY--TOPICAL TERM
Topical term or geographic name entry element TOWN AND COUNTRY PLANNING (INQUIRIES PROCEDURE) (ENGLAND) RULES 2000
650 24 - SUBJECT ADDED ENTRY--TOPICAL TERM
Topical term or geographic name entry element PLANNING POLICY STATEMENT 12
651 #4 - SUBJECT ADDED ENTRY--GEOGRAPHIC NAME
Geographic name United Kingdom
Chronological subdivision
690 ## - LOCAL SUBJECT ADDED ENTRY--TOPICAL TERM (OCLC, RLIN)
Topical term or geographic name as entry element MANAGEMENT-DISPUTE AVOIDANCE, MANAGEMENT AND RESOLUTION-DISPUTE MANAGEMENT AND RESOLUTION-ALTERNATIVE DISPUTE RESOLUTION-ASSISTED NEGOTIATION-MEDIATION
690 ## - LOCAL SUBJECT ADDED ENTRY--TOPICAL TERM (OCLC, RLIN)
Topical term or geographic name as entry element ENVIRONMENTAL AND LAND CONSULTANCY-PLANNING AND DEVELOPMENT
700 1# - ADDED ENTRY--PERSONAL NAME
Personal name Phillips, Jeremy
942 ## - ADDED ENTRY ELEMENTS (KOHA)
Suppress in OPAC 0
Holdings
Withdrawn status Lost status Source of classification or shelving scheme Damaged status Not for loan Home library Current library Shelving location Date acquired Total Checkouts Full call number Barcode Date last seen Copy number Price effective from Koha item type
    Dewey Decimal Classification     London London Journal article 28/03/2008   L142981 142981-1001 06/08/2019 1 06/08/2019 Journal article